000 00334nam a2200145Ia 4500
008 221030s9999 xx 000 0 und d
041 _aEnglish
082 _a105.23
100 _aV. P. Jaggi
245 0 _aEngineering Mathematics
_cby V. P. Jaggi , S. Mathure
260 _c0
650 _aB
700 _aS. Mathure
942 _cBK
999 _c11633
_d11633